<?xml version="1.0" encoding="UTF-8"?>
<record
    xmlns:xsi="http://www.w3.org/2001/XMLSchema-instance"
    xsi:schemaLocation="http://www.loc.gov/MARC21/slim http://www.loc.gov/standards/marcxml/schema/MARC21slim.xsd"
    xmlns="http://www.loc.gov/MARC21/slim">

  <leader>01928nam a22003257a 4500</leader>
  <datafield tag="020" ind1=" " ind2=" ">
    <subfield code="a">9781260570090</subfield>
  </datafield>
  <datafield tag="082" ind1=" " ind2=" ">
    <subfield code="a">617.0076</subfield>
    <subfield code="b">SCH</subfield>
  </datafield>
  <datafield tag="245" ind1="0" ind2="0">
    <subfield code="a">Schwartz's Principles of Surgery /</subfield>
    <subfield code="c">edited by F. Charles Brunicardi, Dana K. Anderson [and seven others].</subfield>
  </datafield>
  <datafield tag="246" ind1="3" ind2=" ">
    <subfield code="a">Principles of surgery</subfield>
  </datafield>
  <datafield tag="250" ind1=" " ind2=" ">
    <subfield code="a">11th Edition.</subfield>
  </datafield>
  <datafield tag="260" ind1=" " ind2=" ">
    <subfield code="a">New York :</subfield>
    <subfield code="b">McGraw-Hill,</subfield>
    <subfield code="c">2019.</subfield>
  </datafield>
  <datafield tag="300" ind1=" " ind2=" ">
    <subfield code="a">2 volumes :</subfield>
    <subfield code="c">28 cm.</subfield>
    <subfield code="b">illustrations (some color) ; </subfield>
  </datafield>
  <datafield tag="504" ind1=" " ind2=" ">
    <subfield code="a">Includes bibliographical references and index.</subfield>
  </datafield>
  <datafield tag="520" ind1=" " ind2=" ">
    <subfield code="a">Based on general surgery's cornerstone text, Schwartz's Principles of Surgery, this unmatched study guide provides everything you need to ace your exams, whether you're a medical student, a resident, or a practicing surgeon seeking recertification. Developed by some of the top minds in modern surgery, Schwartz's Principles of Surgery ABSITE and Board Review delivers the most current, authoritative perspectives on surgical practice. The board-style practice questions are accompanied by answers and comprehension-building rationales, ensuring a complete understanding of the material. Featuring hundreds of illustrations, photos, and tables, this is a resource for certification and recertification example review.</subfield>
  </datafield>
  <datafield tag="563" ind1=" " ind2=" ">
    <subfield code="a">HBK.</subfield>
  </datafield>
  <datafield tag="610" ind1="2" ind2="0">
    <subfield code="a">American Board of Surgery </subfield>
    <subfield code="v">Study guides.</subfield>
    <subfield code="x">Examinations</subfield>
    <subfield code="9">125815</subfield>
  </datafield>
  <datafield tag="650" ind1=" " ind2="0">
    <subfield code="a">Surgery</subfield>
    <subfield code="v">Examinations, questions, etc.</subfield>
    <subfield code="9">125816</subfield>
  </datafield>
  <datafield tag="650" ind1=" " ind2="0">
    <subfield code="a">Surgery, Operative</subfield>
    <subfield code="9">113387</subfield>
  </datafield>
  <datafield tag="650" ind1=" " ind2="0">
    <subfield code="a">Surgical Procedures, Operative</subfield>
    <subfield code="9">125817</subfield>
  </datafield>
  <datafield tag="650" ind1=" " ind2="0">
    <subfield code="a">Examination Questions</subfield>
    <subfield code="9">125818</subfield>
  </datafield>
  <datafield tag="650" ind1=" " ind2="6">
    <subfield code="a">Chirurgie</subfield>
    <subfield code="v">Examens, questions, etc.</subfield>
    <subfield code="9">125819</subfield>
  </datafield>
  <datafield tag="650" ind1=" " ind2="6">
    <subfield code="a">Chirurgie op&#xE9;ratoire.</subfield>
    <subfield code="9">125820</subfield>
  </datafield>
  <datafield tag="650" ind1=" " ind2="7">
    <subfield code="a">Examinations </subfield>
    <subfield code="2">fast</subfield>
    <subfield code="9">125821</subfield>
  </datafield>
  <datafield tag="650" ind1=" " ind2="7">
    <subfield code="a">Surgery</subfield>
    <subfield code="2">fast</subfield>
    <subfield code="9">113386</subfield>
  </datafield>
  <datafield tag="650" ind1=" " ind2="7">
    <subfield code="a">Examinations</subfield>
    <subfield code="2">fast</subfield>
    <subfield code="9">125822</subfield>
  </datafield>
  <datafield tag="650" ind1=" " ind2="7">
    <subfield code="a">Study guides </subfield>
    <subfield code="2">fast</subfield>
    <subfield code="9">9971</subfield>
  </datafield>
  <datafield tag="700" ind1="1" ind2=" ">
    <subfield code="a">Brunicardi, F. Charles,</subfield>
    <subfield code="e">editor.</subfield>
    <subfield code="9">125823</subfield>
  </datafield>
  <datafield tag="730" ind1=" " ind2=" ">
    <subfield code="a">Principles of surgery</subfield>
    <subfield code="9">125824</subfield>
  </datafield>
  <datafield tag="942" ind1=" " ind2=" ">
    <subfield code="2">ddc</subfield>
    <subfield code="c">BK</subfield>
  </datafield>
  <datafield tag="999" ind1=" " ind2=" ">
    <subfield code="c">595123</subfield>
    <subfield code="d">595123</subfield>
  </datafield>
  <datafield tag="952" ind1=" " ind2=" ">
    <subfield code="0">0</subfield>
    <subfield code="1">0</subfield>
    <subfield code="2">ddc</subfield>
    <subfield code="4">0</subfield>
    <subfield code="7">0</subfield>
    <subfield code="a">NSHS</subfield>
    <subfield code="b">NSHS</subfield>
    <subfield code="d">2023-07-05</subfield>
    <subfield code="e">Allied Book Company</subfield>
    <subfield code="g">9422.00</subfield>
    <subfield code="h">Vol.1, Pages.1165</subfield>
    <subfield code="o">617.0076 SCH</subfield>
    <subfield code="p">NSHS-247</subfield>
    <subfield code="r">2023-07-05</subfield>
    <subfield code="t">vol.1</subfield>
    <subfield code="v">18844.00</subfield>
    <subfield code="w">2023-07-05</subfield>
    <subfield code="y">BK</subfield>
  </datafield>
  <datafield tag="952" ind1=" " ind2=" ">
    <subfield code="0">0</subfield>
    <subfield code="1">0</subfield>
    <subfield code="2">ddc</subfield>
    <subfield code="4">0</subfield>
    <subfield code="7">0</subfield>
    <subfield code="a">NSHS</subfield>
    <subfield code="b">NSHS</subfield>
    <subfield code="d">2023-07-05</subfield>
    <subfield code="e">Allied Book Company</subfield>
    <subfield code="g">9422.00</subfield>
    <subfield code="h">Vol.2, Pages.1169-2195</subfield>
    <subfield code="o">617.0076 SCH</subfield>
    <subfield code="p">NSHS-248</subfield>
    <subfield code="r">2023-07-05</subfield>
    <subfield code="t">vol.2</subfield>
    <subfield code="v">18844.00</subfield>
    <subfield code="w">2023-07-05</subfield>
    <subfield code="y">BK</subfield>
  </datafield>
</record>
